000 00362nam a2200157Ia 4500
100 _aDemassa/Thomas A
650 _aIntegrated Circuits
942 _cBK
654 _aintegrated circuits
245 _aDigital integrated circuits
260 _bWiley India
_c2001
082 _a621.3815
_bDEM
300 _a683
546 _aENGLISH
_cPAMPHALETS
999 _c31832
_d31832